Звичайний вигляд Перегляд у МАРК

Входження „Personal Name“

Кількість записів, які використовуються: 2

001 - CONTROL NUMBER

  • control field: 25552

003 - CONTROL NUMBER IDENTIFIER

  • control field: UA-OsUOA

005 - DATE AND TIME OF LATEST TRANSACTION

  • control field: 20260617111656.0

008 - FIXED-LENGTH DATA ELEMENTS

  • fixed length control field: 260617|| aca||aabn | a|a d

040 ## - CATALOGING SOURCE

  • Original cataloging agency: UA-OsUOA
  • Transcribing agency: UA-OsUOA

100 ## - HEADING--PERSONAL NAME

  • Personal name: Лісовий В. С

670 ## - SOURCE DATA FOUND

  • Source citation: Work cat.: (UA-OsUOA)421907: Чижевський Д. 22973, Філософські твори у чотирьох томах, 2005